000 00491nam a2200169Ia 4500
008 180921t2014 xxu||||| |||| 00| 0 sin d
041 _asin
080 _a321
_bANA
100 _aAnanda himi, Muruthtettuwe
245 _aනොනවතින අරගලයක සැබෑ අරුත
246 _aNonawatina Argalayaka Saba Kathawa
260 _bPrintel (Pvt) Ltd
_aPannipitiya
_c2014
300 _b175p, 21cm
942 _cBK
999 _c405
_d405
003 LK-CoDNM
040 _aLK-CoDNM
_dLK-CoDNM
_eLK-CoDNM